000
00272nam a22001217a 4500
008
170411b xxu||||| |||| 00| 0 eng d
041
_a
alb
080
_a
612.39
100
_a
10
101
_a
SHM
245
_a
PATATJA DHE KULTIVIMI I SAJ
_c
RUSINOVCI, I
942
_2
udc
_c
BK
999
_c
10387
_d
10387